Llwytho...
Intermediate accounting: Concepts, methods, and uses
| Prif Awdur: | |
|---|---|
| Fformat: | Printed Book |
| Cyhoeddwyd: |
CBS College Publishing, New York
1981
|
| Pynciau: |
| LEADER | 00490nam a2200157 4500 | ||
|---|---|---|---|
| 082 | |a 657 DAV-I | ||
| 100 | |a Davidson, Sidney, et al. | ||
| 245 | |a Intermediate accounting: Concepts, methods, and uses |c Davidson, Sidney, et al. | ||
| 250 | |||
| 260 | |a CBS College Publishing, New York |c 1981 | ||
| 300 | |||
| 490 | |||
| 650 | |a Accounting | ||
| 942 | |c BK | ||
| 999 | |c 124173 |d 124173 | ||
| 952 | |0 0 |1 0 |4 0 |6 657_000000000000000_DAVI |7 0 |9 137635 |a COM |b COM |l 0 |o 657 DAV-I |p COM00272 |r 2019-10-24 |w 2019-10-24 |y BK | ||